<?xml version="1.0" encoding="UTF-8"?>
<record
    xmlns:xsi="http://www.w3.org/2001/XMLSchema-instance"
    xsi:schemaLocation="http://www.loc.gov/MARC21/slim http://www.loc.gov/standards/marcxml/schema/MARC21slim.xsd"
    xmlns="http://www.loc.gov/MARC21/slim">

  <leader>01724nam a22002657a 4500</leader>
  <controlfield tag="001">BRCA_9290</controlfield>
  <controlfield tag="003">FranzMayer</controlfield>
  <controlfield tag="005">20230724121817.0</controlfield>
  <controlfield tag="008">230724b        |||||||| |||| 00| 0 eng d</controlfield>
  <datafield tag="040" ind1=" " ind2=" ">
    <subfield code="a">MFM</subfield>
    <subfield code="b">esp</subfield>
    <subfield code="c">MFM</subfield>
  </datafield>
  <datafield tag="050" ind1=" " ind2="4">
    <subfield code="a">BE127</subfield>
    <subfield code="b">P68 1788</subfield>
  </datafield>
  <datafield tag="082" ind1=" " ind2=" ">
    <subfield code="2">BX6074</subfield>
  </datafield>
  <datafield tag="100" ind1="1" ind2=" ">
    <subfield code="4">Autor</subfield>
    <subfield code="a">Pouget, Francisco Amado</subfield>
    <subfield code="9">28944</subfield>
  </datafield>
  <datafield tag="240" ind1="1" ind2=" ">
    <subfield code="a">Instrucciones generales en forma de catecismo</subfield>
    <subfield code="h">En las quales por la sagrada escritura y la Tradici&#xF3;n, se explican en compendio la Historia y los Dogmas de la Religion, la Moral Christiana, los Sacaramentos, la Oraci&#xF3;n, las ceremonias y usos de la Iglesia</subfield>
    <subfield code="l">Espa&#xF1;ol</subfield>
  </datafield>
  <datafield tag="245" ind1="0" ind2=" ">
    <subfield code="a">Instrucciones generales en forma de catecismo</subfield>
    <subfield code="b">En las cuales por la sagrada escritura y la Tradici&#xF3;n, se explican en compendi&#xF3; la Historia y los Dogmas de la religi&#xF3;n, la Moral Christiana, los Sacramentos, la Oraci&#xF3;n, las ceremonias y usos de la Iglesia</subfield>
  </datafield>
  <datafield tag="260" ind1=" " ind2=" ">
    <subfield code="a">Madrid</subfield>
    <subfield code="b">Imprenta de Benito Cano</subfield>
    <subfield code="c">1788</subfield>
  </datafield>
  <datafield tag="300" ind1=" " ind2=" ">
    <subfield code="a">392 p</subfield>
    <subfield code="c">20 cm</subfield>
  </datafield>
  <datafield tag="500" ind1=" " ind2=" ">
    <subfield code="a">Con marca de fuego en las tres partes del lomo del libro: Franciscanas MFM-1211, de la Provincia de San Pedro y san Pablo de Michoac&#xE1;n</subfield>
  </datafield>
  <datafield tag="505" ind1="0" ind2=" ">
    <subfield code="a">Texto en: espa&#xF1;olTraducido del: franc&#xE9;sDirigido a: obispos, padres, personas pertenecientes a la iglesia cat&#xF3;lica as&#xED; como asistentes de la misma.Incluye &#xED;ndice tem&#xE1;tico</subfield>
  </datafield>
  <datafield tag="650" ind1="1" ind2=" ">
    <subfield code="2">Cristianismo</subfield>
    <subfield code="a">Religi&#xF3;n e iglesia</subfield>
    <subfield code="v">Catecismo </subfield>
    <subfield code="9">28945</subfield>
  </datafield>
  <datafield tag="651" ind1="2" ind2=" ">
    <subfield code="2">Catecismo</subfield>
    <subfield code="a">Clases dominicales</subfield>
    <subfield code="v">Normas y rituales </subfield>
    <subfield code="9">28946</subfield>
  </datafield>
  <datafield tag="700" ind1="1" ind2=" ">
    <subfield code="4">Trad.</subfield>
    <subfield code="a">Lorenzana, Francisco Antonio</subfield>
    <subfield code="9">28947</subfield>
  </datafield>
  <datafield tag="856" ind1=" " ind2=" ">
    <subfield code="3">http://www.marcasdefuego.buap.mx:8180/xmLibris/projects/firebrand/item.jsp?repository=marcas_de_fuego&amp;map=1&amp;key=marcas_de_fuego_franciscanas_20150807140752_1047.xml&amp;num=136</subfield>
  </datafield>
  <datafield tag="942" ind1=" " ind2=" ">
    <subfield code="2">lcc</subfield>
    <subfield code="c">B</subfield>
  </datafield>
  <datafield tag="999" ind1=" " ind2=" ">
    <subfield code="c">10910</subfield>
    <subfield code="d">10910</subfield>
  </datafield>
  <datafield tag="952" ind1=" " ind2=" ">
    <subfield code="0">0</subfield>
    <subfield code="1">0</subfield>
    <subfield code="2">lcc</subfield>
    <subfield code="4">0</subfield>
    <subfield code="7">0</subfield>
    <subfield code="8">CFM</subfield>
    <subfield code="a">BRCA</subfield>
    <subfield code="b">BRCA</subfield>
    <subfield code="d">2023-07-24</subfield>
    <subfield code="e">Donaci&#xF3;n</subfield>
    <subfield code="l">0</subfield>
    <subfield code="o">BE127 P68 1788</subfield>
    <subfield code="p">CFM00526</subfield>
    <subfield code="r">2023-07-24 00:00:00</subfield>
    <subfield code="w">2023-07-24</subfield>
    <subfield code="y">B</subfield>
  </datafield>
</record>
